• 首页
  • 本馆介绍
  • 公告通知
  • 最新文献
  • 馆藏检索
  • 电子资源
  • 读者导购
  • 参考咨询
  • 我的图书馆
  • 登录
  • 详细信息显示
  • 放入我的书架
  • 预约/预借图书
  • 作者相关作品
  • 分类相关作品
  • 丛书相关作品
  • 出版社相关作品

书目信息

  • 表格格式
  • 工作单格式
  • 卡片格式
题名:
Visual Foxpro及其应用系统开发
    
 
作者: 史济民 编著
分册:  
出版信息: 北京   清华大学出版社  2004
页数: 355页
开本: 26cm
丛书名: 新世纪计算机基础教育丛书
单 册:
中图分类: TP311.138FO
科图分类:
主题词: 软件
电子资源:
ISBN: 7-302-03778-7
000 00710nam0 2200217 450
001 0633692603
005 20070726171048.01
010    @a7-302-03778-7@dCNY25.00
100    @a20060930d2004 km y0chiy0120 ea
101 0  @achi
102    @aCN@b110000
200 1  @aVisual Foxpro及其应用系统开发@AVisual Foxpro ji qi ying yong xi tong kai fa@f史济民 编著@Fshi ji min bian zhu
210    @a北京@c清华大学出版社@d2004
215    @a355页@d26cm
225 2  @a新世纪计算机基础教育丛书@f谭浩强
410  0 @12001 @a新世纪计算机基础教育丛书@1701 0@a谭浩强@Atan hao qiang
606 0  @a软件
690    @aTP311.138FO@v3
701  0 @a史济民@Ashi ji min@4编著
801  0 @aCN@bPFT@c20070726
905    @a10447@dTP311.138FO@e204
    
    Visual Foxpro及其应用系统开发/史济民 编著.-北京:清华大学出版社,2004
    355页;26cm.-(新世纪计算机基础教育丛书/谭浩强)
    
    
    ISBN 7-302-03778-7:CNY25.00
    
●
相关链接 在E读中查询图书 在五车中查询图书 在当当中查询图书 在豆瓣中查询图书


正题名:Visual Foxpro及其应用系统开发     索取号:TP311.138FO/204         预约/预借

序号 登录号 条形码 馆藏地/架位号 状态 备注
1 0501448   205014483   密集书库/ [索取号:TP311.138FO/204] 在馆    
2 0501449   205014492   密集书库/ [索取号:TP311.138FO/204] 在馆    
3 0501450   205014508   密集书库/ [索取号:TP311.138FO/204] 在馆    
4 0501451   205014517   密集书库/ [索取号:TP311.138FO/204] 在馆    
5 0501452   205014526   密集书库/ [索取号:TP311.138FO/204] 在馆    
6 0501453   205014535   密集书库/ [索取号:TP311.138FO/204] 在馆    
7 0501454   205014544   密集书库/ [索取号:TP311.138FO/204] 在馆    
8 0501455   205014553   密集书库/ [索取号:TP311.138FO/204] 在馆    
9 0501456   205014562   密集书库/ [索取号:TP311.138FO/204] 在馆    
10 0770176   207701762   密集书库/ [索取号:TP311.138FO/204] 在馆    
11 0770184   207701842   密集书库/ [索取号:TP311.138FO/204] 在馆    
12 0770256   207702565   密集书库/ [索取号:TP311.138FO/204] 在馆    
13 0775193   207751930   密集书库/ [索取号:TP311.138FO/204] 在馆    
14 0775572   207755721   密集书库/ [索取号:TP311.138FO/204] 在馆    
15 0775573   207755730   密集书库/ [索取号:TP311.138FO/204] 在馆    
16 0775652   207756524   密集书库/ [索取号:TP311.138FO/204] 在馆    
17 0775653   207756533   密集书库/ [索取号:TP311.138FO/204] 在馆    
18 0779179   207791790   密集书库/ [索取号:TP311.138FO/204] 在馆    
19 0779869   207798695   密集书库/ [索取号:TP311.138FO/204] 在馆    
20 0787607   207876075   密集书库/ [索取号:TP311.138FO/204] 在馆    
唐山师范学院图书馆 欢迎您!
大连网信软件有限公司© 版权所有